| 000 | 00991cam a2200289 i 4500 | ||
|---|---|---|---|
| 001 | bg | ||
| 003 | BPK | ||
| 005 | 20210317125217.0 | ||
| 008 | 040519s1976 pl a f |001 0 pol | ||
| 015 | _aPB 1976/3478 | ||
| 040 | _cBPK | ||
| 041 | 0 | _apol | |
| 080 | _a621.38 | ||
| 100 | 1 |
_aHennel, Jan _d(1922-2014) _eAutor |
|
| 245 | 1 | 0 |
_aLampy mikrofalowe / _cJan Hennel. |
| 260 |
_aWarszawa : _bWydawnictwa Naukowo-Techniczne, _c1976 _e(Warsz : _fDRP). |
||
| 300 |
_a240 s. : _bil., tab., wykr. ; _c24 cm. |
||
| 490 | 1 | _aWykłady Akademickie. Elektronika. | |
| 504 | _aBibliogr. przy rozdz. Indeks. | ||
| 650 | 4 |
_aFale ultrakrótkie _xurządzenia. |
|
| 650 | 4 | _aMikroelektronika | |
| 650 | 4 | _aLampy elektronowe | |
| 710 | 2 |
_aWydawnictwa Naukowo-Techniczne _4pbl. |
|
| 856 |
_uhttp://koha.tu.koszalin.pl/cgi-bin/koha/opac-detail.pl?biblionumber=27351 _yKatalog online BPK |
||
| 830 | 0 |
_aWykłady Akademickie. _pElektronika |
|
| 942 |
_2UKD _cKS |
||
| 999 |
_c27351 _d27351 |
||